Can't Tell Me Nothing - Kanye West (Full lyrics) - Statistics

General Stats
  • This quiz has been taken 24 times
  • The average score is 352 of 545
Answer Stats
Answer % Correct
a
100%
can
100%
he
100%
He
100%
I
100%
money
100%
my
100%
My
100%
get
90%
Get
90%
Heaven
90%
me
90%
me,
90%
No,
90%
not
90%
nothing,
90%
nothing
90%
right
90%
right?
90%
tell
90%
the
90%
The
90%
'til
90%
to
90%
To
90%
Uh-
90%
uh,
90%
Wait
90%
When
90%
when
90%
ya
90%
you
90%
You
90%
you,
90%
buy
80%
can't
80%
dream
80%
go
80%
had
80%
in
80%
La,
80%
la,
80%
la-
80%
la
80%
oh,
80%
Ooh,
80%
so
80%
So
80%
V
80%
way
80%
And
70%
and
70%
be
70%
could
70%
is
70%
on
70%
say
70%
something?
70%
something
70%
that
70%
who
70%
do?
60%
Excuse
60%
God
60%
God?"
60%
hard
60%
hard,
60%
it
60%
just
60%
Man,
60%
man
60%
man,
60%
necklace
60%
saying
60%
spent
60%
Then
60%
then
60%
They
60%
they
60%
This
60%
this
60%
up
60%
act
50%
Act
50%
am
50%
awoke,
50%
decide
50%
die
50%
drama,
50%
how
50%
How
50%
I'm
50%
it's
50%
life,
50%
Life
50%
like
50%
like,
50%
Louis
50%
made
50%
more
50%
reckless
50%
stupidly
50%
suicide
50%
talk
50%
talking
50%
us
50%
was
50%
what
50%
your
50%
Your
50%
yours
50%
arrested,
40%
back
40%
"Back
40%
Bought
40%
'bout,
40%
came
40%
changed
40%
day"
40%
day
40%
died
40%
doors
40%
Eve
40%
ever
40%
folks
40%
for
40%
forgot
40%
from
40%
guess
40%
her
40%
homie,
40%
I'd
40%
Jesus
40%
late?
40%
Let
40%
let
40%
mama
40%
message
40%
much
40%
of
40%
Old
40%
people
40%
second
40%
sensitive
40%
should've
40%
suing
40%
tested
40%
told
40%
TV
40%
under
40%
where
40%
with
40%
With
40%
ago,
30%
ain't
30%
already
30%
anything
30%
apologin'
30%
a–uh–depending
30%
But
30%
but
30%
'cause
30%
'Cause
30%
Class
30%
Cosbys,
30%
couldn't
30%
Devil
30%
Don't
30%
don't
30%
double-
30%
emphasis
30%
end
30%
feel
30%
feel,
30%
graduated
30%
Hillman
30%
him
30%
hours
30%
if
30%
If
30%
jewelry,
30%
know
30%
live
30%
Magic
30%
motherfucker
30%
one
30%
over
30%
parallel
30%
Prada,
30%
pressure,
30%
problem
30%
scrutiny
30%
sideways
30%
started
30%
through
30%
two
30%
wars
30%
wear
30%
whom
30%
"Why,
30%
Adam
20%
between,
20%
cash
20%
champagne
20%
dress
20%
effort
20%
faithful
20%
fix
20%
fresher
20%
full
20%
given,
20%
gon'
20%
hoes?
20%
holla,
20%
homies
20%
less
20%
lips
20%
looking
20%
parked
20%
pleasure?
20%
reminisce
20%
room
20%
stay
20%
try
20%
until
20%
what's
20%
Aight,
10%
collagen
10%
gas
10%
nada
10%
no's?
10%
past
10%
splash,
10%
that's
10%
Treasure,
10%
buried
0%
drive
0%
even
0%
fumes
0%
gold
0%
his
0%
move
0%
Must
0%
off
0%
pharaohs,
0%
rumors
0%
soul
0%
stop
0%
tomb
0%
tune
0%
No matching quizzes found
Score Distribution
Percent of People with Each Score
Percentile by Number Answered
Your Score History
You have not taken this quiz